LEADER 01358nam--2200433---450- 001 990001190100203316 005 20031010100131.0 035 $a000119010 035 $aUSA01000119010 035 $a(ALEPH)000119010USA01 035 $a000119010 100 $a20031010d1987----km-y0itay0103----ba 101 0 $aita 102 $aIT 105 $aa|||||||001yy 200 1 $aFisica I$emeccanica, termodinamica$ecorso di fisica per le facoltà tecnico-scientifiche corredato di esempi ed esercizi$fCorrado Mencuccini, Vittorio Silvestrini 205 $a2. ed. 210 $aNapoli$cLiguori$d1987 215 $a712 p.$cill.$d27 cm 225 2 $aManuali per l'Università 410 0$12001$aManuali per l'Università 454 1$12001 461 1$1001-------$12001 606 0 $aMeccanica$xManuali 606 0 $aTermodinamica$xManuali 700 1$aMENCUCCINI,$bCorrado$0332090 701 1$aSILVESTRINI,$bVittorio$0359 801 0$aIT$bsalbc$gISBD 912 $a990001190100203316 951 $a530 MEN 1 (B)$b4211 Ing.$c530 951 $a530 MEN 1 (C)$b4767 Ing.$c530 951 $a530 MEN 1 (D)$b4768 Ing.$c530 959 $aBK 969 $aTEC 979 $aSIAV4$b10$c20031010$lUSA01$h0957 979 $aSIAV4$b10$c20031010$lUSA01$h1001 979 $aPATRY$b90$c20040406$lUSA01$h1725 996 $aFisica I$9946441 997 $aUNISA LEADER 01176nam--2200397---450- 001 990001343460203316 005 20040113164752.0 035 $a000134346 035 $aUSA01000134346 035 $a(ALEPH)000134346USA01 035 $a000134346 100 $a20040113d1979----km-y0itay0103----ba 101 0 $aita 102 $aIT 105 $a||||||||001yy 200 1 $aDentro il PCI$fDi Marzio Barbagli, Piergiorgio Corbetta, Salvatore Sechi 210 $aBologna$cIl Mulino$d1979 215 $a111 p$d21 cm 225 2 $aNuovi quaderni dell'Istituto Carlo Cattaneo 410 0$12001$aNuovi quaderni dell'Istituto Carlo Cattaneo 454 1$12001 461 1$1001-------$12001 606 0 $aPartito Comunista Italiano 676 $a324.245 075 700 1$aBARBAGLI,$bMarzio$044623 701 1$aCORBETTA,$bPiergiorgio$045919 701 1$aSECHI,$bSalvatore$0173263 801 0$aIT$bsalbc$gISBD 912 $a990001343460203316 951 $aIX A 523$b111092 L.M.$cIX A 959 $aBK 969 $aUMA 979 $aSIAV2$b10$c20040113$lUSA01$h1647 979 $aPATRY$b90$c20040406$lUSA01$h1735 996 $aDentro il PCI$9677060 997 $aUNISA